ბათუმის შოთა რუსთაველის სახელმწიფო უნივერსიტეტის ბიბლიოთეკა

ვოდევილი ქართულ მწერლობაში. ტ. 1 / (ბიბ.ჩანაწერი № 56894)

000 -ლიდერი
ფიქსირებული სიგრძის საკონტროლო ველი 01667nam a22002057a 4500
003 - საკონტროლო ნომრის იდენტიფიკატორი
საკონტროლო ველი Ge_BSU
005 - ბოლო ოპერაციის თარიღი და დრო
საკონტროლო ველი 20190610212722.0
008 - ფიქსირებული სიგრძის მონაცემთა ელემენტები - ზოგადი ინფორმაცია
ფიქსირებული სიგრძის საკონტროლო ველი 190610b2015 ge ||||| |||| 00| 0 geo d
020 ## - წიგნის საერთაშორისო სტანდარტული ნომერი
International Standard Book Number 9789941082818 (ტ. 1)
041 ## - ენის კოდი
Language code of text/sound track or separate title geo
080 ## - უნივერსალური ათობითი კლასიფიკაციის ინდექსი
Universal Decimal Classification number 821.353.1-222 ვ-70
245 ## - ცნობა სათაურის შესახებ
Title ვოდევილი ქართულ მწერლობაში. ტ. 1 /
Statement of responsibility, etc ქეთევან გიგაშვილის რედაქციით, შესავალი წერილით, გამოკვლევითა და ლექსიკონით.
264 ## - წარმოების, გამოცემის, დისტრიბუციის და სხვა ცნობები
გამოცემის, წარმოების, დისტრიბუციის... ადგილი თბილისი :
გამოცემის, წარმოების, დისტრიბუციის... სახელწოდება ჯეოპრინტი,
გამოცემის, წარმოების, დისტრიბუციის... თარიღი 2015.
300 ## - ფიზიკური აღწერა
Extent 475 გვ. :
Other physical details ფოტ;
Dimensions 20 სმ.
Accompanying material ლექსიკონი: გვ . 453-468
500 ## - ზოგადი შენიშვნა
General note წინამდებარე აკადემიური გამოცემის მრავალტომეული ეძღვნება პროექტის იდეის ავტორის, პროფესორ იდეის ავტორის, პროფესორ გიორგი ჯავახიშვილის ხსოვნას
653 ## - INDEX TERM--UNCONTROLLED
Uncontrolled term ქართული დრამატურგიის ისტორია და კრიტიკა
700 ## - ADDED ENTRY--PERSONAL NAME
Personal name გიგაშვილი, ქეთევან
Relator term რედაქციით, შესავალი წერილით, გამოკვლევითა და ლექსიკონით.
9 (RLIN) 2369
710 ## - ADDED ENTRY--CORPORATE NAME
Corporate name or jurisdiction name as entry element იაკობ გოგებაშვილის სახ. თელავის სახელმწ. უნ-ტი
9 (RLIN) 2353
942 ## - ADDED ENTRY ELEMENTS (KOHA)
Source of classification or shelving scheme
Koha item type წიგნი
ეგზემპლარები
ჩამოწერის სტატუსი დაკარგული ეგზემპლარის სტატუსი კლასიფიკაციის წყარო ან თაროზე გაწყობის სქემა დაზიანების სტატუსი არ გაიცემა მუდმივი მდებარეობა (დაცვის ადგილი) ამჟამინდელი ადგილსამყოფელი თაროზე განთავსების ადგილი შეძენის თარიღი ღირებულება, შესყიდვის ნორმალური ფასი სრული შენახვის შიფრი შტრიხკოდი ბოლო ოპერაციის თარიღი ეგზემპლარის მიმდევრობითი ნომერი (კეტერი?) ფასის ძალაში შესვლის თარიღი ეგზემპლარის სახეობა საჯარო შენიშვნა
          ბათუმის შოთა რუსთაველის სახელმწიფო უნივერსიტეტის მთავარი ბიბლიოთეკა ბათუმის შოთა რუსთაველის სახელმწიფო უნივერსიტეტის მთავარი ბიბლიოთეკა წიგნსაცავი 2019-06-10 10.00 821.353.1-222 ვ-70 59696 2019-06-10 59696 2019-06-10 წიგნი 10 ლ.